000 00972nas a2200313 4500
001 BR2011001485
003 BR-BrBNA
005 20231205114905.0
007 ta
008 230509b bl.|||p| |||| 00| 00por d
040 _aBR-BrBNA
_bpor
_cBiblioteca Nacional de Agricultura
041 _a(Pt)
072 _aQ04
100 1 _aCaula, F.C.B.
100 1 _aOliveira, M.P. de
100 1 _aMaia, E.L.
245 1 _aTeor de colesterol e composição centesimal de algumas espécies de peixes do estado do Ceará
650 _aPEIXE MARINHO
650 _aPEIXE DE ÁGUA DOCE
650 _aCOLESTEROL
650 _aVALOR NUTRITIVO
650 _aTILÁPIA NILÓTICA
650 _aCOMPOSIÇÃO QUÍMICA
650 _aANÁLISE DE ALIMENTO
650 _aFORTALEZA
773 0 _tCiência e Tecnologia de Alimentos (Brazil)
_xISSN 0101-2061
_g(Oct-Dec 2008), v. 28(4) p. 959-963
_wBR2011001485
909 _a202311
_bLúcia
_c55
_dLúcia Elande
942 _2AGRIS
_n0
_cANA
999 _c211049
_d211049